000 00705nam a2200217Ii 4500
003 JO-AjNU
008 230605s9999||||xx |||||||||||||| ||und||
017 _a2007/6/1667
040 _aJO-AjNU
_bara
_erda
_cJO-AjNU
041 _aara
050 1 4 _aPJ7832.U93.R83 2004
100 3 _aتأليف خليل،إبراهيم,
_eauthor
_914507
245 0 0 _aفي الرواية النسوية العربية
250 _aط1
264 3 1 _aعمان:دار ورد الأردنية للنشر والتوزيع،2007
300 _a156ص
336 _atext
_btxt
_2rdacontent
337 _aunmediated
_bn
_2rdamedia
338 _avolume
_bnc
_2rdacarrier
650 4 _aالأدب العربي - روايات
_914508
999 _aA3885
_c7453
_d7453